| 000 | 00876nam a2200205Ia 4500 | ||
|---|---|---|---|
| 003 | OSt | ||
| 005 | 20250324144924.0 | ||
| 007 | ca aa aaaaa | ||
| 008 | 201103s9999 xx 000 0 und d | ||
| 040 | _cSSBUL | ||
| 041 | _abur | ||
| 082 |
_223 _a၂၉၄.၃၆ သီ _b၁၃၁၂၃ S-SAT |
||
| 100 | 0 |
_aသျှင်သီရိ၊ တက္ကသိုလ်- _955080 |
|
| 245 | 1 | 0 |
_aနှစ်ကျိပ်ရှစ်ဆူဘုရားများသမိုင်း / _cတက္ကသိုလ် သျှင်သီရိ။ |
| 260 |
_aရန်ကုန် ၊ _bငမိုးရိပ်စာပေ၊ _c၁၉၉၆။ |
||
| 300 |
_a၈၄ စာမျက်နှာ ၊ _c၁၈ စင်တီ။ |
||
| 500 | _aS-SAT: Dr. Sai Aung Tun | ||
| 650 |
_aနှစ်ကျိပ်ရှစ်ဆူဘုရား _955081 |
||
| 942 |
_cBK1 _2ddc |
||
| 999 |
_c40986 _d40986 |
||